Examen y juicio crítico del folleto titulado Manifiesto que hace a las naciones el Congreso General de las Provincias-Unidas del Río de la Plata, sobre el tratamiento y crueldades que han sufrido de los españoles, y motivado la declaración de su independencia / (Record no. 182801)

MARC details
000 -LEADER
campo de control de longitud fija 00966nam a2200181 i 4500
001 - NÚMERO DE CONTROL
campo de control 182801
003 - IDENTIFICADOR DE NÚMERO DE CONTROL
campo de control ES-MaACL
005 - FECHA Y HORA DE LA ÚLTIMA TRANSACCIÓN
campo de control 20230906221720.0
008 - DATOS DE LONGITUD FIJA--INFORMACIÓN GENERAL
campo de control de longitud fija 131105s1818 sp |||| | spa d
245 00 - MENCIÓN DEL TÍTULO
Título Examen y juicio crítico del folleto titulado Manifiesto que hace a las naciones el Congreso General de las Provincias-Unidas del Río de la Plata, sobre el tratamiento y crueldades que han sufrido de los españoles, y motivado la declaración de su independencia /
Mención de responsabilidad, etc. por Un Americano del Sud.
260 ## - PUBLICACIÓN, DISTRIBUCIÓN, ETC.
Lugar de publicación, distribución, etc. Madrid :
Nombre del editor, distribuidor, etc. en la Imprenta Real,
Fecha de publicación, distribución, etc. 1818.
300 ## - DESCRIPCIÓN FÍSICA
Extensión 158 [i.e. 156] p. ;
Dimensiones 14 cm.
530 ## - NOTA DISPONIBLE DE FORMULARIO FÍSICO ADICIONAL
Nota de formato físico adicional disponible Disponible en formato digital.
597 ## - NOTA DE DESCRIPCIÓN FÍSICA
NOTA DE DESCRIPCIÓN FÍSICA Entre las p. 46 y 49, 1 h. en bl. contabilizada.
651 #4 - PUNTO DE ACCESO ADICIONAL DE MATERIA--NOMBRE GEOGRÁFICO
Nombre geográfico Río de la Plata (Virreinato)-
Subdivisión de forma Historia.
9 (RLIN) 137351
852 ## - LOCALIZACIÓN
Ubicación ES-MaACL
Número de control de estantería T-24-F-11
condición física .-Falto de la cub. original
Nota libre .- Enc. en un vol. facticio
856 ## - LOCALIZACIÓN Y ACCESO ELECTRÓNICOS
Identificador Uniforme de Recursos <a href="http://bdh-rd.bne.es/viewer.vm?id=0000129243&page=1 ">http://bdh-rd.bne.es/viewer.vm?id=0000129243&page=1 </a>
Nota pública Biblioteca Digital Hispánica
Holdings
Estatus retirado Estado de pérdida Estado de daño No para préstamo Colección Biblioteca de origen Biblioteca actual Ubicación en estantería Fecha de adquisición Fuente de adquisición Total de préstamos Signatura topográfica completa Código de barras Visto por última vez Precio de reemplazo Tipo de ítem Koha
        Colección de folletos Biblioteca del Ateneo de Madrid Biblioteca del Ateneo de Madrid Depósito folletos 05/11/2013     T-24-F-11 1192116 23/02/2023 23/02/2023 Folleto